000 00375nam a22001457a 4500
001 10041
003 FISKH
005 20260401101445.0
008 260331b cb ||||| |||| 00| 0 eng d
020 _a9787562948926
040 _aFISKH
_bchi
_cFISKH
_dFISKH
100 _aEllis Vivier
245 _a《7个小野人和小猪·新成员》/
_cEllis Vivier
942 _2ddc
_cBOOK
_n0
999 _c10041
_d10041